Normal view
MARC view
Entry Personal Name
001 - CONTROL NUMBER
- control field: 29341
003 - CONTROL NUMBER IDENTIFIER
- control field: ARRUPE
005 - DATE AND TIME OF LATEST TRANSACTION
- control field: 20170313120837.0
008 - FIXED-LENGTH DATA ELEMENTS
- fixed length control field: 170313|| aca||aabn | a|a d
040 ## - CATALOGING SOURCE
- Original cataloging agency: ARRUPE
- Transcribing agency: ARRUPE
100 ## - HEADING--PERSONAL NAME
- Personal name: Storr, Athnony
670 ## - SOURCE DATA FOUND
- Source citation: Work cat.: (ARRUPE)0: Storr, Athnony, C. G. Jung:, 1973.